000 00315nam a2200133Ia 4500
008 191201s2014 xx 000 0 und d
100 _aRAMAKRISHNAN, Raghu
245 0 _aDatabase Management Systems
250 _a3rd
260 _aN. Delhi
_bTMH
_c2014
300 _a1065
650 _aB.Tech(CSE)
942 _2ddc
_cBK
999 _c4603
_d4603